Byzantina et moderna : melanges en l'honneur d'Helene Antoniadis-Bibicou

Αποθηκεύτηκε σε:
Λεπτομέρειες βιβλιογραφικής εγγραφής
Άλλοι συγγραφείς: Grivaud, Gilles (Επιμελητής έκδοσης), Πετμεζάς, Σωκράτης (Επιμελητής έκδοσης)
Μορφή: Βιβλίο
Γλώσσα:Greek
French
English
Δημοσίευση: Αθήνα : Αλεξάνδρεια, [2007?]
Σειρά:Νεότερη και σύγχρονη ιστορία (Αλεξάνδρεια)
Θέματα:
Ετικέτες: Προσθήκη ετικέτας
Δεν υπάρχουν, Καταχωρήστε ετικέτα πρώτοι!

MARC

LEADER 00000nam a2200000 i 4500
001 1/83414
008 080421s gre d
020 |a 978-960-221-372-8 
035 |l 10096920 
040 |a GR-MY-UA  |b gre  |e aacr 
041 0 |a gre  |a fre  |a eng 
082 0 |a 938.3  |2 (22) 
245 1 0 |a Byzantina et moderna :  |b melanges en l'honneur d'Helene Antoniadis-Bibicou /  |c Gilles Grivaud, Socrate Petmezas editeurs 
260 |a Αθήνα :   |b Αλεξάνδρεια,   |c [2007?] 
300 |a 483 σ.;  |b εικ., πίν.;  |c 24 εκ. 
490 1 |a Νεότερη και σύγχρονη ιστορία 
500 |a Περιέχει άρθρα στα γαλλικά, αγγλικά και ελληνικά. 
504 |a Περιέχει βιβλιογραφικές παραπομπές 
651 0 |a Byzantine Empire  |x History. 
651 0 |a Greece  |x History. 
700 1 |a Grivaud, Gilles.  |4 edt 
700 1 |a Πετμεζάς, Σωκράτης.  |4 edt 
830 0 |a Νεότερη και σύγχρονη ιστορία (Αλεξάνδρεια) 
852 |a INST  |b LESVOS  |e 20080421  |h 938.3 BYZ  |p 005100039655  |q 005100039655  |t BK  |y 0 
901 |a BIBL1-2008-1 
909 |a Λ  |b 141850 
922 |a 1ΕΛΗ  |b 200711  |c ΕΠΕΑΕΚ2/ΤΚΑ  |d Σ. ΠΑΤΑΚΗΣ 
970 |a ΚΑΡΑ  |b ΓΙΑΣΕΜΗ  |z 2008/04/21